MAASAI MARA UNIVERSITY

LIBRARY CATALOGUE

Contact Us: +254 020 2685356/7 or 0774 057787

Box: 861-20500, NAROK, KENYA

Email: info@mmarau.ac.ke

Concise dictionary of library and information science / (Record no. 16044)

MARC details
000 -LEADER
fixed length control field 00950nam a22002777a 4500
003 - CONTROL NUMBER IDENTIFIER
control field OSt
005 - DATE AND TIME OF LATEST TRANSACTION
control field 20221114025011.0
008 - FIXED-LENGTH DATA ELEMENTS--GENERAL INFORMATION
fixed length control field 151209b xxu||||| |||| 00| 0 eng d
010 ## - LIBRARY OF CONGRESS CONTROL NUMBER
LC control number 96139064
020 ## - INTERNATIONAL STANDARD BOOK NUMBER
International Standard Book Number 1857390229
035 ## - SYSTEM CONTROL NUMBER
System control number (OCoLC)34264442
040 ## - CATALOGING SOURCE
Original cataloging agency MMU
Transcribing agency MMU
Modifying agency MMU
Language of cataloging eng
042 ## - AUTHENTICATION CODE
Authentication code lccopycat
050 04 - LIBRARY OF CONGRESS CALL NUMBER
Classification number Z1006
Item number .K39 1996
082 00 - DEWEY DECIMAL CLASSIFICATION NUMBER
Classification number 020/.3
Edition number 20
100 1# - MAIN ENTRY--PERSONAL NAME
Personal name Keenan, Stella.
245 10 - TITLE STATEMENT
Title Concise dictionary of library and information science /
Statement of responsibility, etc. Stella Keenan.
260 ## - PUBLICATION, DISTRIBUTION, ETC. (IMPRINT)
Place of publication, distribution, etc. London ;
-- New Jersey :
Name of publisher, distributor, etc. Bowker-Saur,
Date of publication, distribution, etc. c1996.
300 ## - PHYSICAL DESCRIPTION
Extent x, 214 p. :
Dimensions 23 cm.
504 ## - BIBLIOGRAPHY, ETC. NOTE
Bibliography, etc Includes bibliographical references (p. 213-214) and index.
650 #0 - SUBJECT ADDED ENTRY--TOPICAL TERM
Topical term or geographic name as entry element Library science
General subdivision Dictionaries.
650 #0 - SUBJECT ADDED ENTRY--TOPICAL TERM
Topical term or geographic name as entry element Information science
General subdivision Dictionaries.
906 ## - LOCAL DATA ELEMENT F, LDF (RLIN)
a 7
b cbc
c copycat
d 3
e ncip
f 19
g y-gencatlg
942 ## - ADDED ENTRY ELEMENTS (KOHA)
Source of classification or shelving scheme Library of Congress Classification
Koha item type R
Holdings
Withdrawn status Lost status Source of classification or shelving scheme Damaged status Not for loan Home library Current library Date acquired Source of acquisition Cost, normal purchase price Total Checkouts Full call number Barcode Date last seen Price effective from Koha item type
    Library of Congress Classification     Maasai Mara University Library -Main Campus Maasai Mara University Library -Main Campus 12/09/2015 Purchased 29300.00   Z1006 .K39 1996 201514732 12/09/2015 12/09/2015 R
    Library of Congress Classification     Maasai Mara University Library -Main Campus Maasai Mara University Library -Main Campus 12/09/2015 Purchase 29300.00   Z1006 .K39 1996 201514729 12/09/2015 12/09/2015 R
© 2016 Maasai Mara University.